Online Catalogue and eLibrary

Varthamana Lankawe : (Record no. 2134)

MARC details
000 -LEADER
fixed length control field 00420nam a2200157Ia 4500
005 - DATE AND TIME OF LATEST TRANSACTION
control field 20250613011911.0
008 - FIXED-LENGTH DATA ELEMENTS--GENERAL INFORMATION
fixed length control field 240331s9999 xx 000 0 und d
020 ## - INTERNATIONAL STANDARD BOOK NUMBER
ISBN 9558610054
082 ## - DDC Classification
Item Number - Author Mark WAR
Class No. 306
100 ## - MAIN ENTRY--PERSONAL NAME
Personal name WERC
245 #0 - TITLE STATEMENT
Title Varthamana Lankawe :
Remainder of title kantha prathirupa
260 ## - PUBLICATION, DISTRIBUTION, ETC.
Place of publication, distribution, etc. Colombo
Name of publisher, distributor, etc. Women's Education Centre
Date of publication, distribution, etc. 2002
300 ## - PHYSICAL DESCRIPTION
Extent (e.g. Volumes, Pages etc.) 74 p ., (C 2)
500 ## - GENERAL NOTE
General note Current Issues and Sri Lankan Women
942 ## - Koha item type (Biblio)
Koha item type Books in Stacks (Lending)
Holdings
Lost status Damaged status Collection code Home library Current library Shelving location Date acquired Full call number Accession Number Item type
    Lending WERC Library WERC Library Social Science Cupboard 03/31/2024 306 WAR 4865 Books in Stacks (Lending)

© WERC Library